000 00549nam a22001817a 4500
005 20230328022940.0
008 230328b |||||||| |||| 00| 0 eng d
020 _a978-0-316-22858-9
082 _aFic. R884 2012
100 _aRowling, Joanne K.
_eauthor
245 _aThe casual vacancy /
_cJ. K. [Joanne K] Rowling
260 _aNew York:
_bLittle Brown,
_cc2012
300 _a503p.
541 _e5445
650 _aCity council members - Death - Fiction
650 _aLocal election - Fiction
650 _aCity and town life - England - Fiction
999 _c2001
_d2001